Every God or Goddess in the Kane Chronicles - Statistics

General Stats
  • This quiz has been taken 13 times
  • The average score is 18 of 30
Answer Stats
First Mention in Book Description God or Goddess % Correct
The Red Pyramid The god of funerals and death Anubis
100%
The cat goddess Bast
100%
The earth god Geb
100%
The war god, pharaoh Horus
100%
The goddess of magic Isis
100%
The sky goddesss Nut
100%
The sun god and god of order Ra/Amun-Ra
100%
The god of evil Set
100%
The god of chaos Apophis
86%
The crocodile god Sobek
86%
The god of knowledge Thoth
86%
The Throne of Fire The baboon god Babi
71%
The dwarf god Bes
71%
The moon god Khonsu
71%
The god of the underworld, former pharaoh Osiris
71%
The lion goddess Sekhmet
57%
The air god Shu
57%
The River goddess Nephthys
43%
The scorpion goddess Serquet
43%
The god of the Nile Hapi
29%
The scarab god, Ra’s aspect (form) in the morning Khepri
29%
The ram-headed god, Ra’s aspect (form) in the evening Khnum
29%
The hunting goddess Neith
29%
The vulture goddess Nekhbet
29%
The god of craftsmen Ptah
29%
The frog goddess Heket
14%
Minor lion goddess married to Onuris Mekhit
14%
The hippo goddess Twaret
14%
The Serpent’s Shadow A god of judgement who works for #10 Disturber
0%
The demon god of blood and wine Shezmu
0%
No matching quizzes found
Score Distribution
Percent of People with Each Score
Percentile by Number Answered
Your Score History
You have not taken this quiz